<?xml version="1.0" encoding="UTF-8"?>
<record
    xmlns:xsi="http://www.w3.org/2001/XMLSchema-instance"
    xsi:schemaLocation="http://www.loc.gov/MARC21/slim http://www.loc.gov/standards/marcxml/schema/MARC21slim.xsd"
    xmlns="http://www.loc.gov/MARC21/slim">

  <leader>01270nam a22002657a 4500</leader>
  <controlfield tag="005">20170216113732.0</controlfield>
  <datafield tag="010" ind1=" " ind2=" ">
    <subfield code="a">ENG-117267-270</subfield>
  </datafield>
  <datafield tag="020" ind1=" " ind2=" ">
    <subfield code="c">8500.00 (set of 4 vols.)</subfield>
    <subfield code="a">9789350358900 (4-vols.)</subfield>
  </datafield>
  <datafield tag="035" ind1=" " ind2=" ">
    <subfield code="a">EN-100799-802</subfield>
  </datafield>
  <datafield tag="037" ind1=" " ind2=" ">
    <subfield code="b">DBAD/PUB</subfield>
  </datafield>
  <datafield tag="082" ind1=" " ind2=" ">
    <subfield code="a">347.5406</subfield>
  </datafield>
  <datafield tag="100" ind1=" " ind2=" ">
    <subfield code="a"> Woodroffe, John George</subfield>
  </datafield>
  <datafield tag="245" ind1=" " ind2=" ">
    <subfield code="a">Sir John Woodroffe &amp; Syed Amir Ali&#x2019;s Law of evidence /</subfield>
    <subfield code="c">by John Woodroffe [and] Syed Amir Ali ; revised by B.M. Prasad [and] Manish Mohan</subfield>
  </datafield>
  <datafield tag="246" ind1=" " ind2=" ">
    <subfield code="a">Sir John Woodroffe and Syed Amir Ali&#x2019;s Law of evidence</subfield>
  </datafield>
  <datafield tag="246" ind1=" " ind2=" ">
    <subfield code="a"> Law of evidence</subfield>
  </datafield>
  <datafield tag="250" ind1=" " ind2=" ">
    <subfield code="a">20th ed.by B.M. Prasad and Manish Mohan</subfield>
  </datafield>
  <datafield tag="260" ind1=" " ind2=" ">
    <subfield code="a">Gurgaon</subfield>
    <subfield code="b">Lexis Nexis</subfield>
    <subfield code="c">2017</subfield>
  </datafield>
  <datafield tag="270" ind1=" " ind2=" ">
    <subfield code="a">14th Floor, Building No. 10, Tower-B, DLF Cyber City, Phase-II,</subfield>
    <subfield code="b">Gurgaon</subfield>
    <subfield code="e">122002</subfield>
  </datafield>
  <datafield tag="300" ind1=" " ind2=" ">
    <subfield code="a"> 4-vols.(ccIvi,1451,98p.; ccIxxxvii,1452-2972,98p.;ccxcv,2973-4370,98p.;ccxxxii,4371-5659,98p.)</subfield>
    <subfield code="c">25cm(Hb)</subfield>
  </datafield>
  <datafield tag="500" ind1=" " ind2=" ">
    <subfield code="a">Includes index</subfield>
  </datafield>
  <datafield tag="505" ind1=" " ind2=" ">
    <subfield code="a">vol-1-the Indian Evidence Act,1872 Secs.-1to24--vol-2-the Indian Evidence Act,1872 secs 25to 90A---vol-3-the Indian Evidence Act,1872 secs 91 to 114A---vol-4-the Indian Evidence Act,1872 secs 115to 167and Appendices.</subfield>
  </datafield>
  <datafield tag="700" ind1=" " ind2=" ">
    <subfield code="a"> Ali, Syed Ameer,</subfield>
  </datafield>
  <datafield tag="700" ind1=" " ind2=" ">
    <subfield code="a">Prasad, B.M.</subfield>
  </datafield>
  <datafield tag="942" ind1=" " ind2=" ">
    <subfield code="2">ddc</subfield>
    <subfield code="c">EN</subfield>
    <subfield code="m">WOO</subfield>
    <subfield code="h">347.5406</subfield>
  </datafield>
  <datafield tag="999" ind1=" " ind2=" ">
    <subfield code="c">137637</subfield>
    <subfield code="d">137637</subfield>
  </datafield>
  <datafield tag="952" ind1=" " ind2=" ">
    <subfield code="0">0</subfield>
    <subfield code="1">0</subfield>
    <subfield code="3">vol-1</subfield>
    <subfield code="4">0</subfield>
    <subfield code="7">0</subfield>
    <subfield code="8">REF</subfield>
    <subfield code="a">L</subfield>
    <subfield code="b">L</subfield>
    <subfield code="d">2017-02-15</subfield>
    <subfield code="e">DBAD/PUB</subfield>
    <subfield code="g">8500.00</subfield>
    <subfield code="l">0</subfield>
    <subfield code="o">347.5406 WOO</subfield>
    <subfield code="p">EN-100799</subfield>
    <subfield code="r">2017-02-15 00:00:00</subfield>
    <subfield code="t">1</subfield>
    <subfield code="v">8500.00</subfield>
    <subfield code="y">EN</subfield>
  </datafield>
  <datafield tag="952" ind1=" " ind2=" ">
    <subfield code="0">0</subfield>
    <subfield code="1">0</subfield>
    <subfield code="3">vol-2</subfield>
    <subfield code="4">0</subfield>
    <subfield code="7">0</subfield>
    <subfield code="8">REF</subfield>
    <subfield code="a">L</subfield>
    <subfield code="b">L</subfield>
    <subfield code="d">2017-02-15</subfield>
    <subfield code="e">DBAD/PUB</subfield>
    <subfield code="g">8500.00</subfield>
    <subfield code="l">0</subfield>
    <subfield code="o">347.5406 WOO</subfield>
    <subfield code="p">EN-100800</subfield>
    <subfield code="r">2017-02-15 00:00:00</subfield>
    <subfield code="t">1</subfield>
    <subfield code="v">8500.00</subfield>
    <subfield code="y">EN</subfield>
  </datafield>
  <datafield tag="952" ind1=" " ind2=" ">
    <subfield code="0">0</subfield>
    <subfield code="1">0</subfield>
    <subfield code="3">vol-3</subfield>
    <subfield code="4">0</subfield>
    <subfield code="7">0</subfield>
    <subfield code="8">REF</subfield>
    <subfield code="a">L</subfield>
    <subfield code="b">L</subfield>
    <subfield code="d">2017-02-15</subfield>
    <subfield code="e">DBAD/PUB</subfield>
    <subfield code="g">8500.00</subfield>
    <subfield code="l">0</subfield>
    <subfield code="o">347.5406 WOO</subfield>
    <subfield code="p">EN-100801</subfield>
    <subfield code="r">2017-02-15 00:00:00</subfield>
    <subfield code="t">1</subfield>
    <subfield code="v">8500.00</subfield>
    <subfield code="y">EN</subfield>
  </datafield>
  <datafield tag="952" ind1=" " ind2=" ">
    <subfield code="0">0</subfield>
    <subfield code="1">0</subfield>
    <subfield code="3">vol-4</subfield>
    <subfield code="4">0</subfield>
    <subfield code="7">0</subfield>
    <subfield code="8">NFIC</subfield>
    <subfield code="a">L</subfield>
    <subfield code="b">L</subfield>
    <subfield code="d">2017-02-15</subfield>
    <subfield code="e">DBAD/PUB</subfield>
    <subfield code="g">8500.00</subfield>
    <subfield code="l">0</subfield>
    <subfield code="o">347.5406 WOO</subfield>
    <subfield code="p">EN-100802</subfield>
    <subfield code="r">2017-02-15 00:00:00</subfield>
    <subfield code="t">1</subfield>
    <subfield code="v">8500.00</subfield>
    <subfield code="y">EN</subfield>
  </datafield>
</record>
